Malý a stredný podnikateľ

Guardado en:
Detalles Bibliográficos
Autor principal: Antalík, Imrich
Otros Autores: Veszprémi Sirotková, Anna, 1966-, Strážovská, Helena, Strážovská, Ľubomíra, Baláž, Peter, Pachingerová, Mária
Formato: Libro
Lenguaje:eslovaco
húngaro
Publicado: Komárno Univerzita Jána Selyeho 2008
Materias:
Etiquetas: Agregar Etiqueta
Sin Etiquetas, Sea el primero en etiquetar este registro!

MARC

LEADER 00000nam$a2200000$$$4500
001 0080278
005 20240502071917.6
020 |a 978-80-89234-56-1 
041 0 |a slo 
041 0 |a hun 
044 |a SK 
245 1 0 |a Malý a stredný podnikateľ  |c Imrich Antalík, Anna Sirotková, Helena Strážovská, Ľubomíra Strážovská ; recenzenti: Peter Baláž, Mária Pachingerová 
264 1 |a Komárno  |b Univerzita Jána Selyeho  |c 2008 
300 |a 201 s. 
610 2 0 |a podnikanie 
610 2 0 |a podnikanie malé 
610 2 0 |a podnikanie stredné 
100 1 |a Antalík, Imrich 
700 1 |a Veszprémi Sirotková, Anna, 1966- 
700 1 |a Strážovská, Helena 
700 1 |a Strážovská, Ľubomíra 
700 1 |a Baláž, Peter 
700 1 |a Pachingerová, Mária